| 000 | 006730000a22002050004500 | ||
|---|---|---|---|
| 090 |
_aAR _b03016 |
||
| 245 | 1 | 0 | _aGénero Timotes roberts (<Orthoptera, Acrididae, Melanoplinae>) |
| 650 | 1 | 4 |
_aInsectos _992622 |
| 650 | 1 | 4 |
_aEntomología _94483 |
| 650 | 1 | 4 |
_aTaxonomía animal _98245 |
| 650 | 1 | 4 |
_aMorfología animal _99953 |
| 651 | 4 |
_lCordillera de Mérida _pVenezuela _992749 |
|
| 653 |
_gTimotes _eTimotes parvum |
||
| 653 |
_gTimotes _eTimotes affinis |
||
| 041 | 0 | _aEspañol | |
| 700 | 1 |
_aCerda, Francisco _996612 |
|
| 100 | 1 |
_aRonderos, Ricardo A. _996611 |
|
| 942 | _cARTICULO | ||
| 773 | 1 |
_tRevista de la Sociedad Entomológica Argentina _31365 _h1-4 _q313-318 _d1982 _g41 |
|
| 999 |
_c12073 _d12073 |
||